000
00292nam a22001337a 4500
008
180914b xxu||||| |||| 00| 0 eng d
020
_a
9780880296908
041
_a
eng
080
_a
941
100
_a
16
101
_a
HIS
245
_a
Disease And History
_c
Biddis.M D
942
_2
udc
_c
BK
999
_c
47748
_d
47748